Mastering Operating Systems: The Complete Guide for Mordern Computing (Record no. 215815)

MARC details
000 -LEADER
fixed length control field 00666nam a22002057a 4500
005 - DATE AND TIME OF LATEST TRANSACTION
control field 20260408114455.0
010 ## - LCCN (DPL NO)
LC control number ENG-148007
020 ## - INTERNATIONAL STANDARD BOOK NUMBER
International Standard Book Number 9788199546189
Terms of availability 799.00
035 ## - SYSTEM CONTROL NUMBER
System control number EN-131539
037 ## - SOURCE OF ACQUISITION
Source of stock number/acquisition DBAD
082 ## - DEWEY DECIMAL CLASSIFICATION NUMBER
Edition number 1
Classification number 346.5
100 ## - MAIN ENTRY--PERSONAL NAME
Personal name Telang; Amita
245 ## - TITLE STATEMENT
Title Mastering Operating Systems: The Complete Guide for Mordern Computing
Statement of responsibility, etc Amita Telang
250 ## - EDITION STATEMENT
Edition statement 1
260 ## - PUBLICATION, DISTRIBUTION, ETC. (IMPRINT)
Place of publication, distribution, etc Chhattisgarh
Name of publisher, distributor, etc Aditi Publication
Date of publication, distribution, etc 2026
270 ## - ADDRESS
Address Near, Tiranga Chowk, Kushalpur, Raipur
City India
Telephone number 9425210308
300 ## - PHYSICAL DESCRIPTION
Extent 177.pg
Dimensions 20cm(pb)
700 ## - ADDED ENTRY--PERSONAL NAME
Personal name Amita Telang, Akansha Dubey, Deepshikha Sharma
9 (RLIN) 88825
942 ## - ADDED ENTRY ELEMENTS (KOHA)
Source of classification or shelving scheme Dewey Decimal Classification
Item type English Books
Classification part 346.5
Call number suffix TEL
Holdings
Withdrawn status Lost status Not for loan Collection code Home library Current library Date acquired Source of acquisition Cost, normal purchase price Full call number Barcode Copy number Cost, replacement price Koha item type
    Not For Loan Non-fiction D.B.Act.Division D.B.Act.Division 08/04/2026 DBAD 799.00 346.5 TEL EN-131539 1 799.00 English Books

© Delhi Public Library
Hit Counter
free hit counter